Možnosti rozvoja spolupráce v cestovnom ruchu

Cestovný ruch je odvetvie, ktorého efektívna existencia je možná len za funkčnej spolupráce zúčastnených subjektov. V cestovnom ruchu pôsobí množstvo subjektov a tak možnosti spolupráce sú rozsiahle. Reálne možnosti spolupráce na horizontálnej a vertikálnej úrovni sú uvedené v príspevku.

Na minha lista:
Detalhes bibliográficos
Autor principal: Litomerický, Juraj
Formato: Capítulo de Livro
Idioma:eslovaco
Assuntos:
Tags: Adicionar Tag
Sem tags, seja o primeiro a adicionar uma tag!

MARC

LEADER 00000nla$a2200000$$$4500
001 0067149
005 20240502071814.1
041 0 |a slo 
044 |a SK 
245 1 0 |a Možnosti rozvoja spolupráce v cestovnom ruchu  |c Juraj Litomerický 
520 |a Cestovný ruch je odvetvie, ktorého efektívna existencia je možná len za funkčnej spolupráce zúčastnených subjektov. V cestovnom ruchu pôsobí množstvo subjektov a tak možnosti spolupráce sú rozsiahle. Reálne možnosti spolupráce na horizontálnej a vertikálnej úrovni sú uvedené v príspevku. 
610 2 0 |a mestá 
610 2 0 |a obce 
610 2 0 |a združenia 
610 2 0 |a ruch cestovný 
610 2 0 |a agentúry 
100 1 |a Litomerický, Juraj